History Quiz

Random History or War Quiz

'C' Battles (Clickable) Quiz Stats

Quiz not verified by Sporcle

Challenge
Share
Tweet
Embed
Score 0/15 Timer 05:00
0 Plays Today
% Correct
Coral Sea
84.7%
Carthage
82.4%
Chancellorsville
80%
Chesapeake
80%
Changsha
79.4%
Chosin Reservoir
76.8%
Crécy
72.9%
Chapultepec
72.6%
% Correct
Copenhagen
71.5%
Culloden
55%
Caen
54.7%
Cunaxa
51.8%
Cambrai
46.8%
Chippawa
38.2%
Camperdown
18.5%

You're not logged in!

Compare scores with friends on all Sporcle quizzes.
Sign Up with Email
OR
Log In

You Might Also Like...

Show Comments

Extras

Top Quizzes Today


Score Distribution

Your Account Isn't Verified!

In order to create a playlist on Sporcle, you need to verify the email address you used during registration. Go to your Sporcle Settings to finish the process.

Report this User

Report this user for behavior that violates our Community Guidelines.

Details: